Three jolly gentlemen /

Đã lưu trong:
Chi tiết về thư mục
Tác giả chính: Golding, Louis, 1895-1958
Định dạng: Sách
Ngôn ngữ:English
Được phát hành: London : Hutchinson's Universal Book Club, 1948.
LEADER 00797nam a2200217 a 4500
001 c000092357
003 CARM
005 19931112000000.0
008 931112s1948 enk 000 1 eng d
019 1 |a 10541162  |5 LACONCORD2021 
035 |a (OCoLC)221667463  |5 LACONCORD2021 
040 |a VLINC  |b eng  |c VLINC 
082 0 4 |a 823.914  |2 20 
100 1 |a Golding, Louis,  |d 1895-1958. 
245 1 0 |a Three jolly gentlemen /  |c by Louis Golding. 
260 |a London :  |b Hutchinson's Universal Book Club,  |c 1948. 
300 |a 208 p. ;  |c 19 cm. 
500 |a First published: 1947. 
852 8 |b CARM  |h A2:AG28G0  |i A01451  |p 0112059  |f BK 
999 f f |i 564c8554-aa12-55b7-b737-645b11948ab8  |s 7dd2b094-a623-5bed-b23f-3a1578c165f7 
952 f f |p Can circulate  |a CAVAL  |b CAVAL  |c CAVAL  |d CARM 1 Store  |e A01451  |f A2:AG28G0  |h Other scheme  |i book  |m 0112059